000 01005mam a2200277 a 4500
001 BD-DhSAU 1422
003 BD-DhSAU
005 20150115112631.0
008 990507s1999 enka rb 101 0 eng d
020 _a0854047093
035 _a(OCoLC)43547291
040 _aBD-DhSAU
082 0 4 _a632.95042
_222
_bPES
111 2 _aInternational IUPAC Congress of Pesticide Chemistry
_n(9th :
_d1998 :
_cLondon, England)
245 1 0 _aPesticide chemistry and bioscience :
_bthe food-environment challenge /
_cEdited by Gerald T. Brooks and Terry R. Roberts.
260 _aCambridge :
_bRoyal Society of Chemistry ;
_cc1999.
300 _aix, 438 p. :
_bill. ;
_c24 cm.
440 _aSpecial publication ;
_nno. 233
504 _aIncludes bibliographical references and index.
590 _ajoy
650 0 _aPesticides
_vCongresses.
650 0 _aEntomology.
650 0 _aPesticide residues in food
_vCongresses.
700 1 _aBrooks, G. T.
_q(Gerald T.)
700 1 _aRoberts, T. R.
_q(Terence Robert),
_d1943-
942 _2ddc
_cBOOK
999 _c1422
_d1422